|
|
|
|
| LEADER |
00990nam a2200229 i 4500 |
| 001 |
c000234208 |
| 003 |
CARM |
| 005 |
00000000000000.0 |
| 008 |
840229s1974 gw 0 eng d |
| 019 |
1 |
|
|a 279035
|z 4127180
|5 LACONCORD2021
|
| 035 |
|
|
|a (OCoLC)2077606
|5 LACONCORD2021
|
| 082 |
0 |
4 |
|a 491.7/5
|
| 100 |
1 |
|
|a Daum, E.
|q (Edmund)
|
| 240 |
1 |
0 |
|a Russischen Verben.
|l English
|
| 245 |
1 |
2 |
|a A dictionary of Russian verbs :
|b bases of inflection, aspects, regimen, stressing, meanings /
|c E. Daum, W. Schenk ; with an essay on the syntax and semantics of the verb in present-day Russian by Rudolf Ruzicka.
|
| 260 |
|
|
|a Leipzig :
|b Verlag Enzyklophadie,
|c 1974.
|
| 300 |
|
|
|a 750 p. ;
|c 22 cm.
|
| 650 |
|
0 |
|a Russian language
|x Verb.
|
| 700 |
1 |
|
|a Schenk, Werner.
|
| 852 |
8 |
|
|b CARM
|h A2:AR15A0
|i B07102
|p 0372429
|f BK
|
| 999 |
f |
f |
|i c8c1e05e-04d0-5685-82c9-9b03f82087f4
|s 2f372bdd-3092-5646-805c-f0b5f2528769
|
| 952 |
f |
f |
|p Can circulate
|a CAVAL
|b CAVAL
|c CAVAL
|d CARM 1 Store
|e B07102
|f A2:AR15A0
|h Other scheme
|i book
|m 0372429
|